The answer ends with a P - Statistics

General Stats
  • This quiz has been taken 38 times
  • The average score is 8 of 15
Answer Stats
Hint Answer % Correct
Young dog or seal Pup
97%
The first name of the late Duke Of Edinburgh Philip
90%
Popular Spring flower associated with The Netherlands Tulip
87%
Ancient Greek philosopher who wrote a series of fables Aesop
83%
A record that doesn't sell well is considered this Flop
80%
Belgian city Antwerp
73%
Take a sneaky look Peep
73%
Item that holds the foot of a horse rider Stirrup
67%
UK pop group who's biggest hit was Common People Pulp
50%
Alternative name for a bread roll Bap
43%
1956 film starring Marilyn Monroe also the title of a 60's hit by the Hollies Bus Stop
27%
Suburb of the London borough of Hillingdon Ruislip
13%
UK pop duo who's biggest hit was 2005's Ooh La La Goldfrapp
10%
Pop production act who had a 1994 UK number 1 single based on the Charleston Doop
7%
1979 film starring Jon Voight & Faye Dunaway The Champ
7%
No matching quizzes found
Score Distribution
Percent of People with Each Score
Percentile by Number Answered
Your Score History
You have not taken this quiz